Runner -Ups! Quiz Stats

 Plays Quiz not verified by Sporcle

Score 0/50 Timer 08:00
0 Plays Today
Category Team/Person % Correct
NFL Super Bowl Runner-UpNew England Patriots
87.7%
Presedential Runner-UpJohn McCain
86.3%
NBA Championship Runner-UpLos Angeles Lakers
83.6%
NBA Championship Runner-UpBoston Celtics
82.2%
Presedential Runner-UpAl Gore
82.2%
MLB World Series Runner-UpPhiladelphia Phillies
80.8%
NFL Super Bowl Runner-UpIndianapolis Colts
80.8%
Presedential Runner-UpJohn Kerry
80.8%
NFL Super Bowl Runner-UpArizona Cardinals
79.5%
Presedential Runner-UpGeorge HW Bush
75.3%
FIFA World Cup Runner-UpBrazil
74%
MLB World Series Runner-UpTampa Bay Rays
71.2%
Miss America Runner-Up(State)Texas
69.9%
BCS Football Title Game Runner-UpTexas
69.9%
NHL Stanley Cup Runner-UpDetroit Red Wings
67.1%
Presedential Runner-UpBob Dole
67.1%
NHL Stanley Cup Runner-UpPittsburgh Penguins
65.8%
FIFA World Cup Runner-UpGermany
65.8%
MLB World Series Runner-UpColorado Rockies
64.4%
NFL Super Bowl Runner-UpChicago Bears
64.4%
NHL Stanley Cup Runner-UpPhiladelphia Flyers
63%
FIFA World Cup Runner-UpFrance
63%
FIFA World Cup Runner-UpThe Netherlands
61.6%
FIFA World Cup Runner-UpItaly
61.6%
MLB World Series Runner-UpDetroit Tigers
60.3%
Category Team/Person % Correct
NFL Super Bowl Runner-UpSeattle Seahawks
58.9%
NBA Championship Runner-UpOrlando Magic
58.9%
NBA Championship Runner-UpCleveland Cavaliers
58.9%
MLB World Series Runner-UpHouston Astros
53.4%
Miss America Runner-Up(State)California
53.4%
NBA Championship Runner-UpDallas Mavericks
50.7%
BCS Football Title Game Runner-UpOklahoma
49.3%
BCS Football Title Game Runner-UpOhio State
49.3%
BCS Football Title Game Runner-UpOhio State
49.3%
March Madness Championship Runner-UpOhio State
49.3%
BCS Football Title Game Runner-UpUSC
46.6%
March Madness Championship Runner-UpButler
41.1%
Miss America Runner-Up(State)Georgia
39.7%
Miss America Runner-Up(State)Georgia
39.7%
March Madness Championship Runner-UpMichigan State
38.4%
March Madness Championship Runner-UpUCLA
35.6%
Miss America Runner-Up(State)Indiana
32.9%
NHL Stanley Cup Runner-UpOttawa Senators
31.5%
March Madness Championship Runner-UpMemphis
28.8%
NHL Stanley Cup Runner-UpEdmonton Oilers
27.4%
American Idol Runner-UpDavid Archuleta
26%
American Idol Runner-UpAdam Lambert
23.3%
American Idol Runner-UpCrystal Bowersox
17.8%
American Idol Runner-UpBlake Lewis
9.6%
American Idol Runner-UpKatherine McPhee
9.6%

You're not logged in!

Compare scores with friends on all Sporcle quizzes.
OR
Log In

Show Comments

Extras

Created Sep 27, 2010ReportNominate
Tags:-up, category, person, runner, runner-up, team

Top Quizzes Today


Score Distribution

Your Account Isn't Verified!

In order to create a playlist on Sporcle, you need to verify the email address you used during registration. Go to your Sporcle Settings to finish the process.

Report this User

Report this user for behavior that violates our Community Guidelines.

Details: